The costs and benefits of soil conservation: the farmer's viewpoint /

保存先:
書誌詳細
第一著者: Lutz, Ernst
その他の著者: Pagiola, Stefano, Reiche, Carlos
フォーマット: テキスト
タグ: タグ追加
タグなし, このレコードへの初めてのタグを付けませんか!

MARC

LEADER 00000 a a2200000 04500
001 47035
003
040
100 |a Lutz, Ernst  
245 |a The costs and benefits of soil conservation:   |b the farmer's viewpoint /  |c Ernst Lutz, Stefano Pagiola, Carlos Reiche  
700 |a Pagiola, Stefano  
700 |a Reiche, Carlos  
773 |g volumen9, número2, (1994), páginas 273-295: tablas  
999 |c 39988  |d 39988